000 00258nam a22001217a 4500
008 180123b xxu||||| |||| 00| 0 eng d
041 _aeng
080 _a37
100 _a47
101 _aedu
245 _aNURTURED KNOWLEDGE
_cSMITH.S..E
942 _2udc
_cBK
999 _c40774
_d40774